Statistics for Sight to City: Central Am. & Caribbean [pic]

Click here to take the quiz!

General Stats

  • This quiz has been taken 3 times
  • The average score is 3 of 16

Answer Stats

Answer% Correct
St. George's
100%
Havana
67%
San Salvador
67%
Panama City
33%
Santo Domingo
33%
Willemstad
33%
Basseterre
0%
Belize City
0%
Castries
0%
Charlotte Amalie
0%
Guatemala City
0%
Managua
0%
Montego Bay
0%
Port-au-Prince
0%
Port of Spain
0%
San Juan
0%

Score Distribution

Percentile by Number Answered

Percent of People with Each Score

Your Score History

You have not taken this quiz